00369nam a22001097a 4500008004100000020001500041050002200056100001800078245007800096260005900174300002600233170926b xxu||||| |||| 00| 0 eng d a9966252142 aBV 1470 .L48 2005 aLevi, Lavera. aTogether in Christ :bchristian religious education form 1 /cLavera Levi aNairobi :bEast African Educational publishers,c2005. a181p. :bill. ;c25cm